000 01177nam a22003375a 4500
001 38556
003 CO-BoRNBP
005 20251022201919.0
007 ta
008 211217s2020 ck a cr 000 j spa d
020 _a9789585395541
040 _aCO-BoBLA
_bspa
_cCO-BoBLA
_erda
041 0 _aspa
043 _as-ck---
082 0 4 _a599.5
_bM85v
100 1 _aMuñoz Toro, Juliana,
_d1988-
_91724
245 1 3 _aEl vuelo de las jorobadas /
_cJuliana Muñoz Toro ; ilustraciones Dipacho; Edición, Paula Guerra Arjona; Corrección de estilo, Inés Elvira Rocha
250 _aPrimera edición
264 4 _aBogotá :
_bLazo Libros,
_c©2020
300 _a32 páginas :
_bilustraciones a color ;
_c29 cm.
336 _atexto
_btxt [
_2rdacontent]
337 _asin mediación
_bn [
_2rdamedia.]
338 _avolumen
_bnc [
_2rdacarrier.]
586 _aPremio los Mejores Libros para Niños y Jóvenes del Banco del Libro, 2021.
650 7 _aBallenas jorobadas.
_2BLAAUTO
650 7 _aMigración de animales.
_2BLAAUTO
650 7 _aMamíferos marinos.
_2BLAAUTO
700 1 _aDipacho,
_d1984-
_eilustración.
942 _2ddc
_cBKINF
949 _ac
_b c
999 _c38556
_d38556